Pitie u mladých Európanov
Guardado en:
| Autor principal: | |
|---|---|
| Otros Autores: | , , |
| Formato: | Libro |
| Lenguaje: | eslovaco |
| Publicado: |
Bratislava
Asklepios
2003
|
| Materias: | |
| Etiquetas: |
Sin Etiquetas, Sea el primero en etiquetar este registro!
|
MARC
| LEADER | 00000nam$a2200000$$$4500 | ||
|---|---|---|---|
| 001 | 0023502 | ||
| 005 | 20240318125719.3 | ||
| 020 | |a 80-7167-059-6 | ||
| 041 | 0 | |a slo | |
| 044 | |a SK | ||
| 245 | 1 | 0 | |a Pitie u mladých Európanov |c Wolfgang Settertobulte, Bjarne Bruun Jensen, Klaus Hurrelmann ; preklad: Alojz Nociar |
| 264 | 1 | |a Bratislava |b Asklepios |c 2003 | |
| 300 | |a 54 s. | ||
| 610 | 2 | 0 | |a alkoholizmus |
| 610 | 2 | 0 | |a mládež |
| 610 | 2 | 0 | |a spotreba |
| 610 | 2 | 0 | |a látky nebezpečné |
| 610 | 2 | 0 | |a porovnanie medzinárodné |
| 610 | 2 | 0 | |a ochrana zdravia |
| 610 | 2 | 0 | |a školy |
| 610 | 2 | 0 | |a projekty |
| 610 | 2 | 0 | |a prevencia |
| 610 | 2 | 0 | |a reklama |
| 610 | 2 | 0 | |a legislatíva |
| 610 | 2 | 0 | |a ukazovatele |
| 610 | 2 | 0 | |a Európa |
| 100 | 1 | |a Settertobulte, Wolfgang | |
| 700 | 1 | |a Jensen, Bjarne Bruun | |
| 700 | 1 | |a Hurrelmann, Klaus | |
| 700 | 1 | |a Nociar, Alojz | |